000 00385nam a2200157Ia 4500
008 160316s2012 xxu||||| |||| 00| 0 eng d
082 _a343.072000
_bCOM
100 _a
245 _aCompetition act, 2002
250 _a
260 _aDehra Dun
_bCommercial Law Publishers
_c2012
300 _a270p
_b
_c
365 _bRs. 190
650 _a1. Competition Act - India
700 _a
_a
999 _c31308
_d31308